000 00415nam a2200157Ia 4500
003 GCL
008 140319s9999 xx 000 0 eng d
040 _aGCL /
_cGCL
082 0 4 _a370.15
_bC A
100 1 _aCHAUHAN, S.S.
245 1 0 _aADVANCED EDUCATION PSYCHOLOGY /
_cCHAUHAN, S.S.
260 _a[S.N] :
_bVIKAS PUBLISHING HOUSE PVT. LTD ،
_c1994
300 _a542 P]
650 0 4 _aEDUCATION
942 _2ddc
_cBK
999 _c10443
_d10443